Dôchodková reforma na Slovensku
Potreba reformy dôchodkového zabezpečenia na Slovensku. Finančná udržateľnosť, resp. neudržateľnosť existujúceho priebežne financovaného dôchodkového systému. Podiel starobného dôchodku na priemernej mzde v SR. Reformný model financovania dôchodkového systému.
Salvato in:
| Autore principale: | |
|---|---|
| Natura: | Capitolo di libro |
| Lingua: | slovacco |
| Soggetti: | |
| Tags: |
Nessun Tag, puoi essere il primo ad aggiungerne!!
|
MARC
| LEADER | 00000naa$a2200000$$$4500 | ||
|---|---|---|---|
| 001 | 0027793 | ||
| 005 | 20231017065613.9 | ||
| 041 | 0 | |a slo | |
| 044 | |a CZ | ||
| 245 | 1 | 0 | |a Dôchodková reforma na Slovensku |c Mária Horehájová |
| 520 | |a Potreba reformy dôchodkového zabezpečenia na Slovensku. Finančná udržateľnosť, resp. neudržateľnosť existujúceho priebežne financovaného dôchodkového systému. Podiel starobného dôchodku na priemernej mzde v SR. Reformný model financovania dôchodkového systému. | ||
| 610 | 2 | 0 | |a Slovensko |
| 610 | 2 | 0 | |a reformy dôchodkové |
| 610 | 2 | 0 | |a zabezpečenie dôchodkové |
| 610 | 2 | 0 | |a poisťovne sociálne |
| 610 | 2 | 0 | |a dôchodky starobné |
| 100 | 1 | |a Horehájová, Mária | |